Green Investments: Portfolio Selection Based on Risk Measure and ESG Indicators. Impact of Environmental Indicators on Portfolio Selection

Zelené investície si získavajú pozornosť investorov. Otázka investičného riešenia je, do akej miery investovanie do environmentálnych spoločností, alebo fondov zvyšuje pomer rizika a odmeny. Novosť teoretického prístupu spočíva v konštrukcii novo vyvinutého portfólia výberového modelu so zabudovaným...

Celý popis

Uložené v:
Podrobná bibliografia
Hlavný autor: Pekár, Juraj, 1972-
Ďalší autori: Brezina, Ivan, 1963-, Reiff, Marian, 1978-
Médium: Kapitola
Jazyk:English
Predmet:
Tagy: Pridať tag
Žiadne tagy, Buďte prvý, kto otaguje tento záznam!

MARC

LEADER 00000naa a2200000 4500
001 0308444
005 20250505102450.9
041 0 |a eng 
044 |a US 
245 1 0 |a Green Investments: Portfolio Selection Based on Risk Measure and ESG Indicators. Impact of Environmental Indicators on Portfolio Selection  |c Juraj Pekár, Ivan Brezina, Marian Reiff 
520 |a Zelené investície si získavajú pozornosť investorov. Otázka investičného riešenia je, do akej miery investovanie do environmentálnych spoločností, alebo fondov zvyšuje pomer rizika a odmeny. Novosť teoretického prístupu spočíva v konštrukcii novo vyvinutého portfólia výberového modelu so zabudovanými environmentálnymi, sociálnymi a riadiacimi (ESG) indikátormi, ktoré tiež predstavujú hodnoty environmentálnych kritérií. Tento inovatívny model ponúka sľubný potenciál pre investorov. Jadro článku tvorí sekcia, kde autori definujú možné prístupy k riešeniu problému výberu portfólia na základe vybraných environmentálnych kritérií. 
610 2 0 |a investície 
610 2 0 |a investície ekologické 
610 2 0 |a ESG 
610 2 0 |a optimalizácia 
610 2 0 |a portfólio 
610 2 0 |a riziko 
610 2 0 |a riziko investičné 
610 2 0 |a odmeny 
100 1 |a Pekár, Juraj, 1972- 
700 1 |a Brezina, Ivan, 1963- 
700 1 |a Reiff, Marian, 1978-